| 000 | 00764nam a2200265Ia 4500 | ||
|---|---|---|---|
| 003 | OSt | ||
| 005 | 20221005063015.0 | ||
| 006 | a|||||r|||| 00| 0 | ||
| 007 | ta | ||
| 008 | 221004b |||||||| |||| 00| 0 eng d | ||
| 024 | _a42335 | ||
| 037 | _cTextual | ||
| 040 |
_aCRL _cCRL _beng |
||
| 041 |
_2eng _aeng |
||
| 082 | _aO111,3M57,YOx, E7 | ||
| 100 | _aConrad Joseph | ||
| 110 | _aGift from Prof Amitava Banerjee, London | ||
| 245 | 0 | _aYouth a narrative and two other stories | |
| 260 |
_aLondon _bThomas Nelson & Sons UK _c1917 |
||
| 300 |
_a371p. _ccm. |
||
| 650 | _aENGLISH LITERATURE | ||
| 700 | _aGift from Prof Amitava Banerjee, London | ||
| 942 |
_hO111,3M57,YOx, E7 _cTEXL _2cc |
||
| 999 |
_c970715 _d970715 |
||